| 000 | 00853nam a2200241Ia 4500 | ||
|---|---|---|---|
| 003 | OSt | ||
| 005 | 20201019092929.0 | ||
| 008 | 191128s1924 ck gr 000 0 spa d | ||
| 040 |
_aCO-JMCR _cCO-JMCR |
||
| 041 | _aspa | ||
| 082 | 0 | 4 |
_a986.105 / _bC677c _223 |
| 110 | 1 |
_aColombia. _bCongreso _910562 |
|
| 240 | 1 | 0 | _aLeyes, etc. |
| 245 | 1 | 0 |
_aCongreso de las Provincias Unidas : _bleyes, actas y notas / _crecopiladas y publicadas por Eduardo Posada |
| 260 |
_aBogotá : _bImprenta Nacional, _c1924 |
||
| 300 |
_ax, 423 páginas ; _c24 cm. |
||
| 490 | 0 | _aBiblioteca de Historia Nacional | |
| 500 | _aIncluye notas a pie de páginas. | ||
| 505 | 0 | _aEn Ibagué -- En Leiva -- En Popayán -- Bocetos de los congresistas | |
| 650 | 1 | 4 |
_aCongreso de las provincias unidas _911602 |
| 700 | 1 |
_aPosada, Eduardo, _ecompilador _911603 |
|
| 942 |
_2ddc _cBK |
||
| 999 |
_c6274 _d6274 |
||